| 000 | 00752nam a22002177a 4500 | ||
|---|---|---|---|
| 003 | OSt | ||
| 005 | 20150408114111.0 | ||
| 008 | 130126t2012 jo ||||| |||| 00| 0 ara d | ||
| 040 | _aMU | ||
| 082 | 0 | 4 |
_221 _a658.1511 _bن م م |
| 100 | 1 |
_aأبو نصار، محمد _919736 |
|
| 245 | 1 | 2 |
_aالمحاسبة الإدارية =Management accounting / _cتأليف محمد أبو نصار. |
| 246 | 3 | 1 | _aManagement accounting |
| 250 | _aط. 3. | ||
| 260 |
_aعمان، الأردن : _bدار وائل، _c2012. |
||
| 300 |
_a533 ص. : _bجداول ؛ _c24 سم. |
||
| 500 | _aقائمة مصطلحات : ص. 505-514. | ||
| 504 | _aببليوجرافية : ص. 503-504. | ||
| 650 | 4 |
_aالمحاسبة الإدارية _914988 |
|
| 942 |
_2ddc _cDVD |
||
| 999 |
_c26997 _d261497 |
||